Missing Word: Booker Prize Novels Quiz Stats

 Plays Quiz Updated Apr 3, 2018

Score 0/20 Timer 04:00
0 Plays Today
Hint Answer % Correct
____ of PiLife
99.3%
The English _______Patient
86.4%
The _______ of the DayRemains
68.5%
The God of _____ ThingsSmall
55.8%
Midnight's ________Children
53.5%
_____ of PassageRites
45.6%
The Sea, the ___Sea
41.3%
The _____ AssassinBlind
38.4%
Oscar and _______Lucinda
28.1%
_____ Clarke Ha Ha HaPaddy
27.3%
Hint Answer % Correct
Schindler's ___Ark
25.6%
____ OrdersLast
22.6%
_____ du LacHotel
20.2%
__________: A RomancePossession
15.2%
The Famished ____Road
14.9%
The ____ PeopleBone
13.1%
Life & Times of _______ KMichael
12.3%
The _____ of KrishnapurSiege
11.2%
The Old ______Devils
10.3%
In a ____ StateFree
9.2%

Today's Daily Dose

You're not logged in!

Compare scores with friends on all Sporcle quizzes.
OR
Log In

You Might Also Like...

Show Comments

Extras

Top Quizzes Today


Score Distribution

Your Account Isn't Verified!

In order to create a playlist on Sporcle, you need to verify the email address you used during registration. Go to your Sporcle Settings to finish the process.

Report this User

Report this user for behavior that violates our Community Guidelines.

Details: